000 00661nam a2200253Ia 4500
005 20260121161127.0
008 008 260114s9999 xx 000 0 eng d
020 _a9780203042335
037 _aEBOOK
040 _aCRL
040 _beng
040 _cCRL
041 _2eng
041 _aeng
084 _qCRL
100 _a H. Clapperton
_91040540
245 0 _aJournal of a Second Expedition into the Interior of Africa from the Bight of Benin to Soccatoo
260 _bTaylor and Francis
260 _c1967
856 _uhttp://www.taylorfrancis.com/books/9780203042335
942 _cEBOOK
999 _c1607356
_d1607356